| 000 | 00539nam a2200229Ia 4500 | ||
|---|---|---|---|
| 005 | 20250425162609.0 | ||
| 008 | 250425s9999 xx 000 0 und d | ||
| 020 | _a0201581124 | ||
| 041 | _aeng | ||
| 043 | _axxu | ||
| 082 | _a621.3897 | ||
| 100 | _aBURGER, JEFF | ||
| 245 | 0 | _aTHE DESKTOP MULTIMEDIA BIBLE | |
| 250 | _aS.E. | ||
| 260 |
_aEstados Unidos _bADDISON - WESLEY _c1993 |
||
| 260 | _aREADING | ||
| 300 | _a635 | ||
| 650 | _aSISTEMAS HIPERMEDIA | ||
| 650 | _aTRANSMISION DE DATOS | ||
| 942 | _c01 | ||
| 010 | _a88468 | ||
| 999 |
_c232500 _d232500 |
||